Citizen army: key to defense in the atomic age (Record no. 436514)

000 -LEADER
fixed length control field 00386cam a22001337a 4500
008 - FIXED-LENGTH DATA ELEMENTS--GENERAL INFORMATION
fixed length control field 180718bss19 xxu||||| |||| 00| 0 eng d
082 ## - DEWEY DECIMAL CLASSIFICATION NUMBER
Classification number p.N1219 St
100 ## - MAIN ENTRY--PERSONAL NAME
Personal name Stern, Frederick Martin
245 ## - TITLE STATEMENT
Title Citizen army: key to defense in the atomic age
Statement of responsibility, etc. by Frederick Martin Stern
260 ## - PUBLICATION, DISTRIBUTION, ETC.
Place of publication, distribution, etc. New York
Name of publisher, distributor, etc. St. Martinメs Pre
Date of publication, distribution, etc. ss19
300 ## - PHYSICAL DESCRIPTION
Extent 57373
650 ## - SUBJECT ADDED ENTRY--TOPICAL TERM
Topical term or geographic name entry element Armi
650 ## - SUBJECT ADDED ENTRY--TOPICAL TERM
Topical term or geographic name entry element 45Militia
Holdings
Withdrawn status Lost status Damaged status Not for loan Permanent Location Current Location Date acquired Full call number Barcode Date last seen Price effective from Koha item type
        Indian Institute of Public Administration Indian Institute of Public Administration 2010-03-08 N1219 St45 9799 2018-07-21 2018-07-21 Book

Powered by Koha